| 000 | 00600nam a2200217 a 4500 | ||
|---|---|---|---|
| 001 | 1974 | ||
| 003 | CDMR | ||
| 005 | 20131022122559.0 | ||
| 008 | 130130s1984||||||||||||||||||||||||||||d | ||
| 020 | _a8486984076 | ||
| 040 |
_aCDMR _bcat _cCDMR |
||
| 100 | 1 |
_aSamuelson, David Warren _91477 |
|
| 245 | 1 | 3 | _aLa cámara de cine y el equipo de iluminación |
| 250 | _a2a ed. | ||
| 260 |
_aMadrid _c1984 _bInstituto Oficial de Radio y Televisión |
||
| 300 | _a233 p. | ||
| 490 | 0 | _aManuales Profesionales | |
| 650 | 0 | 4 |
_94153 _aCinematografia |
| 650 | 0 | 4 |
_93786 _aAudiovisuals _xTècnica |
| 942 |
_cMON _2udc |
||
| 999 |
_c1974 _d1974 |
||